Zmluvy o rozširovaní autorského diela
Rozširovanie autorského diela podľa úpravy autorského zákona č. 383/1997 Z.z. Zmluva o rozširovaní diela. Obsahové a formálne náležitosti zmluvy o rozširovaní diela. Možnosť odstúpenia od zmluvy o rozširovaní diela. Vydavateľská zmluva. Zmluva o verejnom vykonaní diela. Zmluva o vytvorení autorského...
Uložené v:
| Hlavný autor: | |
|---|---|
| Médium: | Kapitola |
| Jazyk: | Slovak |
| Predmet: | |
| Tagy: |
Žiadne tagy, Buďte prvý, kto otaguje tento záznam!
|
MARC
| LEADER | 00000naa a2200000 4500 | ||
|---|---|---|---|
| 001 | r035331 | ||
| 005 | 20230919090110.1 | ||
| 041 | 0 | |a slo | |
| 044 | |a SK | ||
| 245 | 1 | 0 | |a Zmluvy o rozširovaní autorského diela |c Anna Černá |
| 520 | |a Rozširovanie autorského diela podľa úpravy autorského zákona č. 383/1997 Z.z. Zmluva o rozširovaní diela. Obsahové a formálne náležitosti zmluvy o rozširovaní diela. Možnosť odstúpenia od zmluvy o rozširovaní diela. Vydavateľská zmluva. Zmluva o verejnom vykonaní diela. Zmluva o vytvorení autorského diela. Zmluvy o inom použití diela. Vzory zmlúv. | ||
| 610 | 2 | 0 | |a diela autorské |
| 610 | 2 | 0 | |a právo autorské |
| 610 | 2 | 0 | |a ochrana autorstva |
| 610 | 2 | 0 | |a zmluvy |
| 610 | 2 | 0 | |a vydavateľstvá |
| 610 | 2 | 0 | |a úpravy právne |
| 610 | 2 | 0 | |a zákony |
| 610 | 2 | 0 | |a Slovensko |
| 610 | 2 | 0 | |a 1997 |
| 100 | 1 | |a Černá, Anna | |